000 00200 a2200109 4500
020 _a9879992233359
041 _aspa
100 _aSantillana
245 _aCaligrafia 4to
942 _cBK
952 _71
999 _c21475
_d21475